|
|
|
|
| LEADER |
00000nab a2200000 a 4500 |
| 001 |
vtls000124945 |
| 003 |
SK-MaSNL |
| 005 |
20260305010901.0 |
| 008 |
250422c1982 xo 0 slo |
| 015 |
|
|
|a SNBRB19rr/mm-uuuuu
|
| 035 |
|
|
|a CL0135050
|
| 035 |
|
|
|a urn:nbn:sk:snk-abdlbm
|
| 035 |
|
|
|a (urnnbn)urn:nbn:sk:snk:ar-001mmh
|
| 035 |
|
|
|a (uuid)b093c768-45b0-481e-a810-87d6db429f49
|
| 040 |
|
|
|a SNKBUCL
|b slo
|c SNKBUCL
|e AACR2
|
| 041 |
0 |
|
|a slo
|
| 044 |
|
|
|a xo
|c SK
|
| 080 |
|
|
|a 792.071
|2 1981
|
| 100 |
1 |
|
|a Rampák, Zoltán,
|d 1920-1998
|4 aut
|9 106868
|
| 245 |
1 |
0 |
|a Budovateľ základov
|b K nedožitej deväťdesiatke Janka Borodáča
|c Zoltán Rampák
|
| 300 |
|
|
|b Obr. 4.
|
| 600 |
1 |
7 |
|a Borodáč, Janko,
|d 1892-1964
|2 snkbucl
|9 118920
|
| 655 |
|
7 |
|a články z novín a časopisov
|2 snkbucl
|9 267496
|
| 773 |
0 |
|
|t Film a divadlo
|g Roč. 26, č. 15 (1982), s. 26-27
|
| 850 |
|
|
|a Slovenská národná knižnica
|
| 852 |
|
|
|a Slovenská národná knižnica
|
| 954 |
|
|
|a odborná, vedecká literatúra pôvodná (slovenská)
|2 lita
|
| 958 |
|
|
|a article19
|
| 958 |
|
|
|a OND
|
| 958 |
|
|
|a BX
|
| 958 |
|
|
|a EUIPO
|
| 992 |
|
|
|a RBX
|
| 999 |
|
|
|c 3249261
|d 3251191
|